000 00356nam a2200133Ia 4500
008 230411s9999 xx 000 0 und d
041 _aeng
082 _aB/612.015/DEB/B02116
100 _aDeb A C
245 _aComprehensible Viva and Practical Biochemistry
260 _bNew Central Book Agency
_aKolkata
_c2000
300 _a92p
999 _c153344
_d153344